LEADER 01182oam 2200265z- 450 001 9910158924903321 005 20230906203136.0 010 $a1-943848-70-X 035 $a(CKB)3710000001011561 035 $a(BIP)052644652 035 $a(EXLCZ)993710000001011561 100 $a20210505c2015uuuu -u- - 101 0 $aeng 200 10$aMakeup Tips For The Everyday Women 210 $cVital Publishing 215 $a1 online resource (21 p.) 330 8 $aBy popular demand, Amber Johnson who is a certified make up artist and CEO of a thriving cosmetics company has placed her knowledge of makeup staying and experience into one complete, gorgeous book. Amber will teach you everything from skincare basics to every aspect of facial makeup, from how to find the right color and type of foundations for any skin tone to how to effectively apply every detail of eye makeup. Each chapter has been designed to be easily understood. 610 $aBeauty, Personal 610 $aCosmetics 610 $aHealth & Fitness 700 $aJohnson$b Amber$01434549 906 $aBOOK 912 $a9910158924903321 996 $aMakeup Tips For The Everyday Women$93589040 997 $aUNINA